000
003130000a22001450004500
003
MACL
040
_a
MACL
090
_c
45234
_d
45232
100
_a
Gupta, Anuradha
245
_a
MP PMT 2011 Success Package
260
_b
Arihant Prakashan,Meerut
350
_a
625
650
_a
Medical
942
_c
BOOK
_k
610/GUP
999
_c
44769
_d
44769